[Event "MNT-ch (Women)"]
[Site "Podgorica"]
[Date "2011.05.26"]
[Round "8"]
[White "Blagojevic, Lidija"]
[Black "Cabarkapa, Maja"]
[Result "1-0"]
[WhiteElo "1999"]
[BlackElo "1914"]
[PlyCount "37"]
[EventDate "2011.05.21"]
[EventType "tourn"]
[EventRounds "9"]
[EventCountry "MNE"]
[SourceTitle "CBM 142 Extra"]
[Source "ChessBase"]
[SourceDate "2011.06.27"]
[SourceVersion "1"]
[SourceVersionDate "2011.06.27"]
[SourceQuality "1"]

1. e4 e5 2. Nf3 Nc6 3. Bc4 Bc5 4. c3 Nf6 5. d4 exd4 6. e5 Ng4 7. cxd4 Bb4+ 8. Nc3 d6 9. h3 Nh6 10. Bg5 Ne7 11. Bxh6 gxh6 12. a3 Ba5 13. b4 Bb6 14. Qb3 Rf8 15. Ne4 Ng8 16. 0-0-0 Qe7 17. Rhe1 Be6 18. d5 Bf5 19. exd6 1-0

[Event "MNT-chT (Women)"]
[Site "Cetinje"]
[Date "2010.07.24"]
[Round "1"]
[White "Blagojevic, Lidija"]
[Black "Cabarkapa, Maja"]
[Result "1/2-1/2"]
[WhiteElo "2016"]
[BlackElo "1910"]
[PlyCount "78"]
[EventDate "2010.07.24"]
[EventType "team-tourn"]
[EventRounds "3"]
[EventCountry "MNE"]
[SourceTitle "CBM 137 Extra"]
[Source "ChessBase"]
[SourceDate "2010.09.01"]
[SourceVersion "1"]
[SourceVersionDate "2010.09.01"]
[SourceQuality "1"]

1. e4 e5 2. Nf3 Nc6 3. Bc4 Nf6 4. d3 h6 5. 0-0 Bc5 6. h3 0-0 7. c3 d6 8. Re1 Be6 9. Bxe6 fxe6 10. Qb3 Qc8 11. Be3 Bb6 12. Nbd2 Nh5 13. d4 exd4 14. cxd4 Nf4 15. Nc4 Nxh3+ 16. gxh3 Rxf3 17. Nxb6 axb6 18. Qd1 Rf6 19. Kh2 Qe8 20. Rg1 Rg6 21. Qe2 Qf7 22. Rxg6 Qxg6 23. Rg1 Qf6 24. Qc4 Kh7 25. f4 Ra5 26. e5 dxe5 27. dxe5 Qe7 28. a3 Rd5 29. Qe4+ Kh8 30. Qg6 Nd4 31. Bxd4 Rxd4 32. f5 exf5 33. Qxf5 Rd8 34. Rg2 Re8 35. Re2 Qe6 36. Qxe6 Rxe6 37. Kg3 Kg8 38. Kf4 Kf7 39. h4 Re7 1/2-1/2

[Event "YUG-ch U20 Girls"]
[Site "Subotica"]
[Date "2004.08.22"]
[Round "11"]
[White "Trivunovic, Jelena"]
[Black "Cabarkapa, Maja"]
[Result "0-1"]
[WhiteElo "1800"]
[BlackElo "1800"]
[PlyCount "124"]
[EventDate "2004.08.12"]
[EventType "tourn"]
[EventRounds "13"]
[EventCountry "YUG"]
[SourceTitle "CBM 101 Extra"]
[Source "ChessBase"]
[SourceDate "2004.09.01"]
[SourceVersion "2"]
[SourceVersionDate "2004.09.01"]
[SourceQuality "1"]

1. e4 e5 2. Nf3 Nc6 3. Bc4 Bc5 4. d3 d6 5. h3 h6 6. Nc3 Nf6 7. Be3 Bb6 8. Qd2 Be6 9. Bb3 d5 10. exd5 Nxd5 11. Nxd5 Bxd5 12. Bxd5 Qxd5 13. a3 0-0-0 14. Bxb6 axb6 15. Rd1 Rhe8 16. 0-0 e4 17. dxe4 Qxe4 18. Qc3 Qg6 19. Rxd8+ Rxd8 20. Re1 f6 21. b4 Re8 22. Rxe8+ Qxe8 23. Qd3 Qd7 24. Qxd7+ Kxd7 25. Kf1 Ke6 26. Ke2 Kd5 27. Kd3 Ke6 28. Nd4+ Nxd4 29. Kxd4 Kd6 30. c4 c5+ 31. Ke4 Ke6 32. g4 g6 33. Kf4 f5 34. g5 h5 35. Ke3 Kd6 36. Kf4 cxb4 37. axb4 b5 38. cxb5 Kd5 39. h4 b6 40. Ke3 Kc4 41. Kf4 Kd4 42. f3 Kd5 43. Ke3 Kc4 44. Kf4 Kd4 45. Kg3 Ke3 46. Kg2 f4 47. Kg1 Kxf3 48. Kf1 Kg3 49. Kg1 Kxh4 50. Kf2 Kxg5 51. Kf3 Kf5 52. Kg2 g5 53. Kf3 g4+ 54. Kf2 h4 55. Kg2 f3+ 56. Kf2 Kf4 57. Kg1 g3 58. Kh1 h3 59. Kg1 f2+ 60. Kf1 h2 61. Kg2 h1Q+ 62. Kxh1 f1Q# 0-1

[Event "YUG-ch U20 Girls"]
[Site "Subotica"]
[Date "2004.08.19"]
[Round "8"]
[White "Cabarkapa, Maja"]
[Black "Drljevic, Ljilja"]
[Result "0-1"]
[WhiteElo "1800"]
[BlackElo "2175"]
[PlyCount "58"]
[EventDate "2004.08.12"]
[EventType "tourn"]
[EventRounds "13"]
[EventCountry "YUG"]
[SourceTitle "CBM 101 Extra"]
[Source "ChessBase"]
[SourceDate "2004.09.01"]
[SourceVersion "2"]
[SourceVersionDate "2004.09.01"]
[SourceQuality "1"]

1. e4 d5 2. exd5 Qxd5 3. d4 Nf6 4. c3 e6 5. Nf3 Be7 6. Nbd2 0-0 7. Ne5 c5 8. Ndf3 Rd8 9. Be3 cxd4 10. Bxd4 b5 11. Qc2 Nc6 12. Nxc6 Qxc6 13. Ne5 Qd5 14. Nf3 Bb7 15. Be2 Qc6 16. Rc1 Rac8 17. Be3 Ng4 18. Bf4 e5 19. Bg3 e4 20. Nh4 Nh6 21. 0-0 Bg5 22. Rcd1 Qf6 23. Bxb5 Bxh4 24. Rxd8+ Rxd8 25. Rd1 Bxg3 26. Rxd8+ Qxd8 27. hxg3 Ng4 28. Be2 h5 29. c4 Qd4 0-1

[Event "YUG-ch U20 Girls"]
[Site "Subotica"]
[Date "2004.08.18"]
[Round "7"]
[White "Rakic, Marija"]
[Black "Cabarkapa, Maja"]
[Result "0-1"]
[WhiteElo "2051"]
[BlackElo "1800"]
[PlyCount "82"]
[EventDate "2004.08.12"]
[EventType "tourn"]
[EventRounds "13"]
[EventCountry "YUG"]
[SourceTitle "CBM 101 Extra"]
[Source "ChessBase"]
[SourceDate "2004.09.01"]
[SourceVersion "2"]
[SourceVersionDate "2004.09.01"]
[SourceQuality "1"]

1. d4 d5 2. Nc3 Nf6 3. Bg5 Bf5 4. Nf3 h6 5. Bh4 e6 6. e3 Nbd7 7. Bd3 Bxd3 8. cxd3 Be7 9. 0-0 c6 10. Qe2 0-0 11. e4 dxe4 12. dxe4 Re8 13. Rad1 Qa5 14. Rd2 Rad8 15. Rfd1 Nb6 16. Bg3 Bb4 17. Rc2 Ra8 18. Nd2 Qg5 19. Nb3 Rac8 20. Rd3 Nh5 21. a3 Bxc3 22. Rdxc3 Nxg3 23. Rxg3 Qf4 24. Nc5 Rc7 25. Nd3 Qd6 26. Qe3 Rd8 27. Qxh6 Qxd4 28. e5 Qxe5 29. Qc1 Rcd7 30. Qf1 Qb5 31. Rc3 Na4 32. Ne1 Qxf1+ 33. Kxf1 Nxc3 34. Rxc3 Rd1 35. Rb3 b6 36. Rc3 c5 37. b4 cxb4 38. axb4 Rb1 39. Ke2 Rxb4 40. Nd3 Rbd4 41. Ke3 Rxd3+ 0-1

[Event "YUG-ch U20 Girls"]
[Site "Subotica"]
[Date "2004.08.13"]
[Round "2"]
[White "Cabarkapa, Maja"]
[Black "Milovic, Aleksandra"]
[Result "0-1"]
[WhiteElo "1800"]
[BlackElo "2130"]
[PlyCount "76"]
[EventDate "2004.08.12"]
[EventType "tourn"]
[EventRounds "13"]
[EventCountry "YUG"]
[SourceTitle "CBM 101 Extra"]
[Source "ChessBase"]
[SourceDate "2004.09.01"]
[SourceVersion "2"]
[SourceVersionDate "2004.09.01"]
[SourceQuality "1"]

1. e4 c5 2. c3 d5 3. exd5 Qxd5 4. d4 Nf6 5. Nf3 Bg4 6. Be2 e6 7. Be3 cxd4 8. Qxd4 Nc6 9. Qxd5 Nxd5 10. Bd2 Bd6 11. 0-0 0-0-0 12. Bg5 f6 13. Bh4 Nf4 14. Re1 Nxe2+ 15. Rxe2 g5 16. Bg3 Bxg3 17. fxg3 Rd1+ 18. Kf2 Rhd8 19. Re1 Bxf3 20. gxf3 Ne5 21. Na3 Nd3+ 22. Ke2 Rxe1+ 23. Rxe1 Nxe1 24. Kxe1 Kd7 25. Nc4 Kc6 26. Ke2 h5 27. Ne3 b5 28. Nc2 Kc5 29. Ne3 a5 30. Nc2 b4 31. Ne3 bxc3 32. bxc3 Rb8 33. Nd1 Kc4 34. Kd2 Rd8+ 35. Kc2 Rxd1 36. Kxd1 Kxc3 37. Kc1 e5 38. h3 Kd3 0-1